The management coach / (Record no. 1675)

MARC details
000 -LEADER
fixed length control field 01539cam a2200385 i 4500
001 - CONTROL NUMBER
control field data
005 - DATE AND TIME OF LATEST TRANSACTION
control field 20260322212112.0
008 - FIXED-LENGTH DATA ELEMENTS--GENERAL INFORMATION
fixed length control field data
035 ## - SYSTEM CONTROL NUMBER
System control number 22916291
010 ## - LIBRARY OF CONGRESS CONTROL NUMBER
LC control number 2022417693
020 ## - INTERNATIONAL STANDARD BOOK NUMBER
International Standard Book Number 9781471801563
Qualifying information (pbk.)
020 ## - INTERNATIONAL STANDARD BOOK NUMBER
International Standard Book Number 147180156X
Qualifying information (pbk.)
035 ## - SYSTEM CONTROL NUMBER
System control number (OCoLC)890253847
040 ## - CATALOGING SOURCE
Original cataloging agency SINLB
Language of cataloging eng
Transcribing agency SINLB
Description conventions rda
Modifying agency DLC
-- YDXCP
-- OCLCQ
-- AU@
-- OCLCO
-- DLC
042 ## - AUTHENTICATION CODE
Authentication code lccopycat
050 00 - LIBRARY OF CONGRESS CALL NUMBER
Classification number HD31
Item number .S57645 2014
082 04 - DEWEY DECIMAL CLASSIFICATION NUMBER
Classification number 658
Edition information 23
100 1# - MAIN ENTRY--PERSONAL NAME
Personal name Slater, Rus,
Relator term author.
245 14 - TITLE STATEMENT
Title The management coach /
Statement of responsibility, etc. Rus Slater.
264 #1 - PRODUCTION, PUBLICATION, DISTRIBUTION, MANUFACTURE, AND COPYRIGHT NOTICE
Place of production, publication, distribution, manufacture London :
Name of producer, publisher, distributor, manufacturer Hodder & Stoughton,
Date of production, publication, distribution, manufacture, or copyright notice 2014.
300 ## - PHYSICAL DESCRIPTION
Extent x, 226 pages ;
Dimensions 25 cm.
336 ## - CONTENT TYPE
Content type term text
Content type code txt
Source rdacontent
337 ## - MEDIA TYPE
Media type term unmediated
Media type code n
Source rdamedia
338 ## - CARRIER TYPE
Carrier type term volume
Carrier type code nc
Source rdacarrier
490 0# - SERIES STATEMENT
Series statement Teach Yourself
500 ## - GENERAL NOTE
General note Includes index.
520 ## - SUMMARY, ETC.
Summary, etc. By the end of this book you will be a better manager than you are now - Understand your strengths and weaknesses - Set and manage your goals - Understand your team - Work better with your own boss - Improve your business Other books help you talk the talk. The Teach Yourself Coach books helps you walk the walk.
650 #0 - SUBJECT ADDED ENTRY--TOPICAL TERM
Topical term or geographic name entry element Management.
650 #6 - SUBJECT ADDED ENTRY--TOPICAL TERM
Topical term or geographic name entry element Gestion.
650 #7 - SUBJECT ADDED ENTRY--TOPICAL TERM
Topical term or geographic name entry element management.
Source of heading or term aat
650 #7 - SUBJECT ADDED ENTRY--TOPICAL TERM
Topical term or geographic name entry element Management.
Source of heading or term fast
Authority record control number or standard number (OCoLC)fst01007141
906 ## - LOCAL DATA ELEMENT F, LDF (RLIN)
a 7
b cbc
c copycat
d 3
e ncip
f 20
g y-gencatlg
925 0# -
-- acquire
-- 1 shelf copy
-- policy default
Holdings
Withdrawn status Lost status Damaged status Not for loan Home library Current library Shelving location Date acquired Total checkouts Full call number Barcode Date last seen Price effective from Koha item type
        Springfield Springfield General stacks 22/03/2026   658 LOC-SPL-00018 22/03/2026 22/03/2026 Books